|
|
|
|
| LEADER |
00993nam a22002292a 4500 |
| 001 |
000773051 |
| 003 |
CZ BrMZK |
| 005 |
20050503132503.0 |
| 007 |
ta |
| 008 |
050503s1965 xr er|||||||||||cze d |
| 040 |
|
|
|a ABA001
|b cze
|c KLG001
|d ABA001
|
| 245 |
0 |
0 |
|a Osnovy umělecké pohybové výchovy /
|c [zprac. kol.] ; k tisku připr. J. Kröschlová, A. Sekotová
|
| 260 |
|
|
|a Praha :
|b STN,
|c 1965
|f (SČT 113)
|
| 300 |
|
|
|a 130 s. ;
|c 4°
|
| 500 |
|
|
|a Zprac. na základě Prozatímních osnov estetické a pohybové výchovy z r. 1959 a na základě jejich nevydané úpravy z r. 1963
|
| 504 |
|
|
|a Bibliografie na s. 126-128
|
| 500 |
|
|
|a Vyd. Ústř. dům pionýrů a mládeže J. Fučíka v Praze
|
| 710 |
2 |
|
|a Ústřední dům pionýrů a mládeže Julia Fučíka
|7 kn20050428063
|
| 910 |
|
|
|a BOA001
|b PK-N-0009.397
|
| 964 |
|
|
|a Výchova taneční - osnovy - soubory pionýrské
|
| 990 |
|
|
|a BK
|
| 996 |
7 |
|
|b 3119658858
|c PK-N-0009.397
|l MZK
|r Sklad / do 1 hodiny
|n 4
|w 000773051
|u 000010
|a 1
|e BOA001
|j MZK50
|s A
|